000 00763nam a22001337a 4500
040 _cRUA
082 _aAGR PHY 2009 B041 Or.1
100 _aPHY, CHHIN.
245 _aoptions for improving household food security and income generation in sna ansar commune, krakor district, pursat province (ជំរើសនានាសម្រាប់កែលំអសន្តិសុខស្បៀងនិង​ប្រាក់ចំនូល គ្រួសារនៅឃុំស្នាអង្សារ​ ស្រុកក្រគរ ខេត្តពោធិសាត់)
260 _aPhnom Penh
_bRUA
_c2009
300 _axi, 61p.
_bill.
_c29cm.
856 _uhttps://drive.google.com/file/d/1h3zC-T5wCe68jQW3ZY8Yn9jChgnQGYTi/view?usp=sharing
942 _cAGR
999 _c918
_d918